000 00657cam a22002053a 4500
001 43024
003 PGUSA
005 20140828083958.0
008 130624s2013||||xxu|||||s|||||000 | eng d
040 _aPGUSA
_beng
042 _adc
100 1 _aOriani, Alfredo,
_d1852-1909
245 1 0 _aLa lotta politica in Italia, Volume III (of 3) :
_bOrigini della lotta attuale (476-1887); Quinta edizione
_h[electronic resource] /
_cAlfredo Oriani
260 _bProject Gutenberg,
_c2013
506 _aPublic domain in the USA.
516 _aElectronic text
830 0 _aProject Gutenberg
_v43024
856 4 0 _uhttp://www.gutenberg.org/ebooks/43024
942 _cEB
999 _c272275
_d272275